1231 1816 1949 1308 1240 1997 1115 1218 1912 1518 1075 1588 1245 1842 1961 1757 1646 1628 1448 1032 1445 1319 1291 1004 1067 1086 1941 1095 1986 1255 1146 1139 1585 1386 1703 1723 1447 1710 1579 1941 1237 1789 1701 1364 1821 1634 1632 1761 1541 1250 1566 1392 1013 1750 1817 1238 1717 1231 1912 1104 1214 1701 1511 1063 1608 1295 1286 1185 1790 1893 1626 1660 1158 1760 1487 1804 1602 1548 1965 1165 1925 1747 1148 1511 1868 1544 1534 1835 1095 1764 1459 1283 1070 1174 1442 1608 1801 1578 1286 BCNSPRNW ULIB Ver.6.0+V

เปลี่ยนเป็นภาษาไทย

Change to English
 แสดงรายละเอียดบรรณานุกรม
  กลับหน้าหลัก

Brief Record : Get Marc (ISO 2709) : E-mail record : QR code < ปิดหน้าต่าง
LEADER : 00000nam 2200000uu 4500
001    13399127782
003     ULIB
008    210824s2564||||th 000 0 tha d
020    ^a9786167741482
060    ^aWY152^bจ535ภ
100    ^aจิราภรณ์ ศรีอ่อน
245    ^aภาวะฉุกเฉินในผู้สูงวัย (ฉบับปรับปรุงครั้งที่ 1) Geriatric Emergencies
250    ^aพิมพ์ครั้งที่ 3
260    ^aกรุงเทพมหานคร :^bฝ่ายวิชาการและวิจัย คณะแพทยศาสตร์วชิรพยาบาล มหาวิทยาลัยนวมินทราธิราช,^c2564
300    ^a380 หน้า^bภาพประกอบ, ตาราง, ภาคผนวก
650    ^aการพยาบาลผู้สูงอายุ
650    ^aภาวะฉุกเฉินทางการแพทย์
945    ^p499^l0^i008157
945    ^p499^l0^i008158
945    ^p499^l0^i008159
999    ^aประนอม เกษจรัล
รายการนี้ยังไม่มีแท็ก
คุณยังไม่ได้ล็อกอิน คุณสามารถมีกิจกรรมร่วมกับเว็บไซต์ได้ แต่ต้องล็อกอินก่อน ::
  ล็อกอิน

รายการสื่อสารสนเทศ

ลำดับที่ ประเภท เลขเรียก/บาร์โค้ด สถานที่ สถานะ
1. Book การพยาบาล
หนังสือสำรอง
สถานะ=หนังสือสำรอง
WY152 จ535ภ ฉ.1 
  Barcode: 008157
ห้องสมุดวิทยาเขตสวรรค์ประชารักษ์
►หนังสือทั่วไป
บนชั้น
2. Book การพยาบาล
Book การพยาบาล
WY152 จ535ภ ฉ.2 
  Barcode: 008158
ห้องสมุดวิทยาเขตสวรรค์ประชารักษ์
►หนังสือทั่วไป
บนชั้น
3. Book การพยาบาล
Book การพยาบาล
WY152 จ535ภ ฉ.3 
  Barcode: 008159
ห้องสมุดวิทยาเขตสวรรค์ประชารักษ์
►หนังสือทั่วไป
บนชั้น

รายการใกล้เคียง
    ชื่อเรื่อง [ภาวะฉุกเฉินในผู้สูงวัย (ฉบับปรับปรุงครั้งที่ 1) Geriatric Emergencies]

    ผู้แต่ง [จิราภรณ์ ศรีอ่อน]

    หัวเรื่อง [การพยาบาลผู้สูงอายุ]
    หัวเรื่อง [ภาวะฉุกเฉินทางการแพทย์]

BibComment


ยังไม่เคยถูกคอมเมนท์

คอมเมนท์ทรัพยากรรายการนี้
  คอมเมนท์: ภาวะฉุกเฉินในผู้..


 Copyright 2026. Bcnsprnw @Library